000 00695nam a2200253Ia 4500
003 OSt
005 20221007080110.0
006 a|||||r|||| 00| 0
007 ta
008 221006b |||||||| |||| 00| 0 eng d
024 _a44,432
037 _cTextual
040 _aFLL
_cFLL
_beng
041 _2eng
_aeng
082 _aX72:(Z2), Q6
100 _aSHANKAR Sanjiv
_9694624
245 0 _aEssays on Tax policy and practice
250 _a1st
260 _aNew Delhi
_bSynergy Books India India
_c2016
300 _axxv,358p.
_ccm.
700 _a KANCHAN Nandita
_9694625
942 _hX72:(Z2), Q6
_cTEXL
_2CC
999 _c1158359
_d1158359